Report Of The Committee On Roads And Transportation On The National Roads Authority Bill,2023 (Record no. 4238)

MARC details
000 -LEADER
fixed length control field 00556nam a22001697a 4500
003 - CONTROL NUMBER IDENTIFIER
control field OSt
005 - DATE AND TIME OF LATEST TRANSACTION
control field 20241220160258.0
008 - FIXED-LENGTH DATA ELEMENTS--GENERAL INFORMATION
fixed length control field 240726b |||||||| |||| 00| 0 eng d
041 ## - LANGUAGE CODE
Language code of text/sound track or separate title English
082 ## - DEWEY DECIMAL CLASSIFICATION NUMBER
Classification number CR/MRAB/23 Acc.No.9316 C1
110 ## - MAIN ENTRY--CORPORATE NAME
Corporate name or jurisdiction name as entry element Committee On Roads And Transportation
245 ## - TITLE STATEMENT
Title Report Of The Committee On Roads And Transportation On The National Roads Authority Bill,2023
260 ## - PUBLICATION, DISTRIBUTION, ETC.
Place of publication, distribution, etc. Accra
Name of publisher, distributor, etc. Parliament Of The Fourth republic Of Ghana
Date of publication, distribution, etc. 2024
300 ## - PHYSICAL DESCRIPTION
Extent 10p.;
653 ## - INDEX TERM--UNCONTROLLED
Uncontrolled term National Roads Authority Bill,2023
942 ## - ADDED ENTRY ELEMENTS (KOHA)
Source of classification or shelving scheme Dewey Decimal Classification
Koha item type Bills
Suppress in OPAC No
Holdings
Withdrawn status Lost status Source of classification or shelving scheme Damaged status Not for loan Home library Current library Shelving location Date acquired Total checkouts Full call number Date last seen Copy number Price effective from Koha item type
    Dewey Decimal Classification     Main Library Main Library Open Shelves 20/12/2024   CR/MRAB/23 Acc.No.9316 C 1 20/12/2024 1 20/12/2024 Bills From Committees
©2026  Parliament of Ghana Library - All rights reserved